| 000 | 00511nam a22001577a 4500 | ||
|---|---|---|---|
| 003 | OSt | ||
| 005 | 20220107122757.0 | ||
| 008 | 150325b xxu||||| |||| 00| 0 eng d | ||
| 040 | _c | ||
| 100 |
_aChidambaram P G (92212004) _96238 |
||
| 245 | _aNumerical modeling of ocean tides : A finite element approach | ||
| 502 |
_bMSc. Computational Science _c2012 - 2014 _dINT _eManoj Kumar T K _fShaji C (IIT) _g"IIT, Kharagpur" |
||
| 650 |
_aTIDAL SIMULATION _96239 |
||
| 650 |
_aNUMERICAL MODELING _96240 |
||
| 942 |
_2ddc _cPR |
||
| 999 |
_c4548 _d4548 |
||